| 000 | 00519 a2200205 4500 | ||
|---|---|---|---|
| 005 | 20251217115727.0 | ||
| 008 | 251217b |||||||| |||| 00| 0 eng d | ||
| 020 |
_a9788192581484 _cRs. 995.00 |
||
| 040 | _aMAIN | ||
| 082 |
_a615.321 _bB469T |
||
| 100 | _aBhusari, Nilkanth B | ||
| 245 | _aTextbook of ethnomedicine | ||
| 260 |
_bGaurav Books _c2013 _aKanpur |
||
| 300 | _a296 | ||
| 650 | _aMedical Plants | ||
| 650 | _aEnthomedicine | ||
| 650 | _aHerbal Plants | ||
| 700 | _aKorepenwar, Anil N | ||
| 942 | _cBK | ||
| 999 |
_c358920 _d358920 |
||